01506naa a22003257a 4500001001000000003000900010005001700019007000300036008003400039040005400073041000900127072002100136090001800157100001900175100001600194100001500210100001500225245008200240246008600322246010600408500020700514773015400721650002200875650002300897490006600920942001500986909004001001999001901041952012001060BR8301070BR-BrBNA20250721143222.0ta250630b bl.|||m| |||| 00| 0 por d aBR-BrBNAbporcBiblioteca Nacional de Agricultura a(Pt) aF60b/G514bGZ72 aF60 BR83010701 aLeopoldo, P.R.1 aFranken, W.1 aMatsui, E.1 aSalati, E.1 aEstimativa de evapotranspiracao de floresta amazonica de terra firme [Brasil]1 a[Evaluation of evapotranspiration rate from "terra firme" Amazon forest [Brazil]]1 a[Model basin: ecological characterization of an experimental hydrological basin in the middle Amazon] aBacia modelo: caracterizacao ecologica de uma bacia hidrografica experimental na Amazonia central Manaus, AM (Brasil): 1982. p. 23-28 [13 ref.; Summaries (En, Pt); Received 17 Feb 1982] (BR8301070-AMS) 0 tBacia modelo: caracterizacao ecologica de uma bacia hidrografica experimental na Amazonia centralwF60 BR8301070gManaus, AM (Brasil), 1982. p. 23-28 aEVAPOTRANSPIRACAO aFLORESTA AMAZONICA aActa Amazonica. Suplemento (Brazil)vv. 12(3)xISSN 0044-5967 cAMS2AGRIS a202506bLúciac55dLúcia Elande c334454d334454 002AGRIS40708AGROBASEa41918b41918l0r2025-06-30t01yAMS10d2025-06-30ePortaria Interministerial nº 164/94